Jeff Hardy's WrestleMania Opponents - Statistics

General Stats
  • This quiz has been taken 26 times
  • The average score is 20 of 28
Answer Stats
WrestleMania Opponent % Correct
WrestleMania 23* Matt Hardy
96%
WrestleMania 25 Matt Hardy
96%
WrestleMania 2000 Edge
91%
WrestleMania X-Seven Edge
91%
WrestleMania 23* Edge
91%
WrestleMania 2000 Bubba Ray Dudley
83%
WrestleMania X-Seven Bubba Ray Dudley
83%
WrestleMania X8 Bubba Ray Dudley
83%
WrestleMania 2000 Christian
78%
WrestleMania X-Seven Christian
78%
WrestleMania 23* CM Punk
78%
WrestleMania 2000 D-Von Dudley
78%
WrestleMania X-Seven D-Von Dudley
78%
WrestleMania X8 D-Von Dudley
78%
WrestleMania 33 Sheamus
78%
WrestleMania 33 Cesaro
74%
WrestleMania 23* Finlay
65%
WrestleMania 23* Randy Orton
65%
WrestleMania 33 Big Cass
61%
WrestleMania 33 Enzo Amore
61%
WrestleMania 23* Mr. Kennedy
57%
WrestleMania 33 Karl Anderson
52%
WrestleMania 33 Luke Gallows
52%
WrestleMania X8 Bradshaw
48%
WrestleMania X8 Faarooq
48%
WrestleMania 23* King Booker
43%
WrestleMania X8 Billy
39%
WrestleMania X8 Chuck
35%
No matching quizzes found
Score Distribution
Percent of People with Each Score
Percentile by Number Answered
Your Score History
You have not taken this quiz